| 000 | 01903 a2200229 4500 | ||
|---|---|---|---|
| 001 | 25625 | ||
| 005 | 20260407155540.0 | ||
| 008 | 260407a1984 arg spa d | ||
| 003 | AR-UNSa-BCEJYS | ||
| 040 |
_aAR-UNSa-BCEJYS _bspa _cAR-UNSa-BCEJYS |
||
| 080 |
_a657 _xContabilidad |
||
| 245 | 1 | 0 |
_aContabilidad introductoria y básica _pteoría y casos prácticos |
| 020 | _a950-537-026-3 | ||
| 250 | _a2a. ed | ||
| 264 | 1 |
_aBuenos Aires : _bEdiciones Macchi _c1984 |
|
| 300 |
_a548 p. _c22 cm. |
||
| 505 | _aParte I : Aspectos introductorios : 1. Definiciones de la contabilidad - 2. Lineamientos generales del proceso contable - 3. El proceso contable, ejercicios introductorios de aplicación - Parte II . El modelo contable información histórica : 4. Normas Contables - 5. Principios de contabilidad generalmente aceptados - 6. Revaluo contable ley 19.742 - Parte III : Registraciones del balance general estado de resultados : 7. Disponibilidades - 8. Inversiones - 9. Credítos - 10. Bienes de cambio - 11. Bienes de uso - 12. Bienes inmateriales y cargos diferidos (intangibles) - 13. Deudas - 14. Previsiones - 15. Patrimonio neto - Parte IV : Exposición.Balance general y estado de resultados : 16. Lineamientos generales de las normas de exposición - 17. Exposición del balance general - 18. Exposición del estado de resultados - 19. Estado de evolución del patrimonio neto y estado de resultados acumulados - Parte V : Caso práctico.resumen : 20. Balance general y estado de resultados - Parte VI : Registraciones del ajuste por inflación y valores corrientes: 21. Registración del ajuste por inflación - 22. Registracion de valores corrientes. | ||
| 942 | _cBK | ||
| 590 | _aniveau_biblio:m niveau_hierar:0 | ||
| 100 | 1 | _aSenderovich, Isaac Aizik | |
| 856 | 4 | 1 |
_uhttps://biblioeco.unsa.edu.ar/pmb/images/libros/Contabilidad Introductoria y Basica.jpg _yImagen de portada _qimage/jpeg |
| 999 |
_c1408 _d1408 |
||